[Event "Dvorkovich Memorial op"]
[Site "Taganrog"]
[Date "2018.01.23"]
[Round "9"]
[White "Cherepanova, Evita"]
[Black "Khuranov, Temir"]
[Result "0-1"]
[WhiteElo "1753"]
[BlackElo "1658"]
[PlyCount "71"]
[EventDate "2018.01.15"]
[EventType "swiss"]
[EventRounds "9"]
[EventCountry "RUS"]
[SourceTitle "CBM 182 Extra"]
[Source "ChessBase"]
[SourceDate "2018.02.23"]
[SourceVersion "1"]
[SourceVersionDate "2018.02.23"]
[SourceQuality "1"]

1. d4 d5 2. Nf3 Nf6 3. Bf4 e6 4. e3 c5 5. c3 Nc6 6. Nbd2 Be7 7. Bd3 0-0 8. Ne5 Qb6 9. Qc2 h6 10. h3 cxd4 11. exd4 Nxe5 12. Bxe5 Bd7 13. Qb3 Ne8 14. 0-0 Bd6 15. Nf3 Qxb3 16. axb3 f6 17. Bxd6 Nxd6 18. c4 Bc6 19. Nh4 g5 20. Ng6 Rfe8 21. f4 Kg7 22. fxg5 hxg5 23. h4 dxc4 24. bxc4 Nxc4 25. Bxc4 Kxg6 26. h5+ Kg7 27. Ra3 Be4 28. Re3 Rac8 29. Bb5 Bc6 30. Bxc6 Rxc6 31. d5 Rd6 32. dxe6 Rexe6 33. Rc3 Kh6 34. g4 Re4 35. Rg3 Kg7 36. Rf2 0-1

[Event "Dvorkovich Memorial op"]
[Site "Taganrog"]
[Date "2016.01.26"]
[Round "9.33"]
[White "Dida, Igor"]
[Black "Khuranov, Temir"]
[Result "0-1"]
[WhiteElo "1897"]
[BlackElo "1811"]
[PlyCount "120"]
[EventDate "2016.01.18"]
[EventType "swiss"]
[EventRounds "9"]
[EventCountry "RUS"]
[SourceTitle "EXT 2018"]
[Source "ChessBase"]
[SourceDate "2017.10.13"]
[SourceVersion "1"]
[SourceVersionDate "2017.10.13"]
[SourceQuality "1"]

1. c4 Nf6 2. g3 g6 3. Bg2 Bg7 4. Nc3 e5 5. d3 0-0 6. e4 Nc6 7. Nge2 d6 8. 0-0 Ne8 9. Nd5 f5 10. f4 Nf6 11. Nec3 Re8 12. fxe5 Nxd5 13. Nxd5 Nxe5 14. Rb1 c6 15. Ne3 Qb6 16. Kh1 fxe4 17. dxe4 Qc7 18. b4 Be6 19. Qc2 Rf8 20. Bd2 Ng4 21. Nxg4 Bxg4 22. Bf4 Qe7 23. Qd3 Rad8 24. h3 Bc8 25. Rbd1 Be5 26. Qe3 Bxf4 27. Rxf4 Qe5 28. Rdf1 Be6 29. Qd3 Rxf4 30. gxf4 Qf6 31. f5 gxf5 32. exf5 Bf7 33. Rf4 Kf8 34. a3 d5 35. Rd4 Qe5 36. cxd5 Bxd5 37. Bxd5 Rxd5 38. Rxd5 Qxd5+ 39. Qxd5 cxd5 40. Kg2 Kf7 41. Kf3 Kf6 42. Kf4 h5 43. a4 h4 44. a5 a6 45. Kg4 d4 46. Kf4 d3 47. Ke3 Kxf5 48. Kxd3 Kf4 49. Kd4 Kg3 50. Kc5 Kxh3 51. Kb6 Kg4 52. Kxb7 h3 53. Kxa6 h2 54. b5 h1Q 55. b6 Qa8+ 56. Kb5 Kf5 57. a6 Ke6 58. b7 Qb8 59. Kb4 Kd7 60. Kb5 Kc7 0-1

[Event "Dvorkovich Memorial op"]
[Site "Taganrog"]
[Date "2016.01.24"]
[Round "7.34"]
[White "Khuranov, Temir"]
[Black "Murzina, Agata"]
[Result "1-0"]
[WhiteElo "1811"]
[BlackElo "1535"]
[PlyCount "45"]
[EventDate "2016.01.18"]
[EventType "swiss"]
[EventRounds "9"]
[EventCountry "RUS"]
[SourceTitle "EXT 2018"]
[Source "ChessBase"]
[SourceDate "2017.10.13"]
[SourceVersion "1"]
[SourceVersionDate "2017.10.13"]
[SourceQuality "1"]

1. d4 c5 2. e3 cxd4 3. exd4 Nf6 4. Nf3 e6 5. Bd3 d5 6. Bg5 Be7 7. 0-0 Nc6 8. c3 h6 9. Bh4 g5 10. Bg3 Nh5 11. Re1 Bd7 12. Nbd2 Qb6 13. Qc2 f5 14. Be5 Nxe5 15. Nxe5 Nf6 16. Ndf3 Rf8 17. Qe2 g4 18. Nh4 0-0-0 19. Nhg6 Rfe8 20. Nf7 h5 21. Nxd8 Bxd8 22. b4 Rg8 23. Nf4 1-0

[Event "Dvorkovich Memorial op"]
[Site "Taganrog"]
[Date "2016.01.19"]
[Round "2.17"]
[White "Baraeva, Marina"]
[Black "Khuranov, Temir"]
[Result "1-0"]
[WhiteElo "2213"]
[BlackElo "1811"]
[PlyCount "91"]
[EventDate "2016.01.18"]
[EventType "swiss"]
[EventRounds "9"]
[EventCountry "RUS"]
[SourceTitle "EXT 2018"]
[Source "ChessBase"]
[SourceDate "2017.10.13"]
[SourceVersion "1"]
[SourceVersionDate "2017.10.13"]
[SourceQuality "1"]

1. d4 Nf6 2. c4 e6 3. Nc3 Bb4 4. Qc2 Nc6 5. Nf3 d5 6. a3 Bxc3+ 7. Qxc3 0-0 8. Bg5 b6 9. cxd5 Na5 10. dxe6 Bxe6 11. Bxf6 Qxf6 12. b4 Nc4 13. e3 b5 14. Bxc4 Bxc4 15. Ne5 Qg5 16. Rg1 Bd5 17. Qc5 c6 18. Nxc6 Rfe8 19. Ne5 Be6 20. Nf3 Qg6 21. Qxb5 Rac8 22. Nd2 Re7 23. e4 Rec7 24. f3 Qf6 25. Ke2 Qxd4 26. Qd3 Qe5 27. Rac1 h6 28. Rxc7 Rxc7 29. h3 Rc3 30. Qd8+ Kh7 31. Kf2 Rc2 32. Rd1 Qc3 33. Qd6 Bb3 34. Kg3 Qe3 35. h4 Rb2 36. Nxb3 Rxb3 37. Qd5 h5 38. Qf5+ Kh6 39. Qxf7 Qc3 40. Rd6+ Qf6 41. Rxf6+ gxf6 42. Qxb3 Kg6 43. Qg8+ Kh6 44. f4 a5 45. f5 a4 46. Qg6# 1-0